000 00374cam a2200145ua 4500
041 _aeng
_h
082 _a828.09
_bHER/WO
100 _aGoerge, Herbert .
245 _aWorks of George herbert /
_cGeorge herbert.
_hTextual Documents
260 _aLondon :
_bOxford at the Clarendon Press ,
_c1964.
300 _a619 ; .
504 _a
942 _cBK
999 _c5056
_d5056